Código Orgánico de Tribunales: edición oficial, aprobada por Decreto 90, de 25 de enero de 1993, del Ministerio de Justicia
保存先:
| フォーマット: | 図書 |
|---|---|
| 言語: | スペイン語 |
| 出版事項: |
Santiago
Jurídica de Chile
1993
|
| 版: | 13a. ed |
| 主題: | |
| タグ: |
タグ追加
タグなし, このレコードへの初めてのタグを付けませんか!
|
MARC
| LEADER | 00000nam a2200000 a 4500 | ||
|---|---|---|---|
| 001 | UCV3542 | ||
| 003 | CL-VaPUC | ||
| 008 | 930825e19930000CL |||||||||||||||||spa|d | ||
| 082 | 0 | 4 | |a 347.8301 |b COD |2 21 |
| 245 | 1 | 0 | |a Código Orgánico de Tribunales: edición oficial, aprobada por Decreto 90, de 25 de enero de 1993, del Ministerio de Justicia |
| 250 | |a 13a. ed | ||
| 300 | |a 368 p | ||
| 942 | |c BK | ||
| 945 | |d 19930825 00:00:00 | ||
| 260 | |a Santiago |b Jurídica de Chile |c 1993 | ||
| 650 | 7 | |a REGLAMENTOS DE TRIBUNALES |2 CL-VaPUC |9 259211 | |
| 650 | 0 | |a Poder judicial |9 254871 | |
| 651 | 7 | |a CHILE |2 CL-VaPUC |9 297779 | |
| 583 | |a last modification |c 19930825 00:00:00 |k Rodrigo Vera | ||
| 999 | |c 210706 |d 210704 | ||
| 952 | |0 0 |1 0 |2 ddc |4 0 |6 347_830100000000000_COD_1993 |7 0 |8 FOND_LRYV |9 187146 |a BIBDER |b BIBDER |d 2019-11-14 |i 2548542 |o 347.8301 COD 1993 |p 2548542 |r 2023-01-25 |w 2019-11-14 |y BK_X |k DER | ||
| 952 | |0 0 |1 0 |2 ddc |4 0 |6 347_830100000000000_COD_1993 |7 0 |8 FOND_LRYV |9 187147 |a BIBDER |b BIBDER |d 2019-11-14 |i 2544288 |o 347.8301 COD 1993 |p 2544288 |r 2023-01-25 |w 2019-11-14 |y BK_X |k DER | ||